00365nam a22000977a 4500020001800000082001800018245014700036260005400183300002100237563000900258 a9780367665340 a338.4791bTOU aTourism policy and planning implementation : bissues and challenges /cEdited by Konstantinos Andriotis ; Dimitrios Stylidis ; Adi Weidenfeld aLondon:bRoutledge Taylor & Francis Group,c2020. a195 p. ;c24 cm. aPBK.